[Event "Sparkassen-Open A"]
[Site "Heusenstamm, Martinsee"]
[Date "2025.11.21"]
[Round "3.35"]
[White "Yasaswi Krishna Bommi"]
[Black "Doll, Alexander"]
[Result "0-1"]
[WhiteElo "1843"]
[BlackElo "2234"]
[PlyCount "128"]
[EventDate "2025.11.20"]
[WhiteTeam "Indien"]
[BlackTeam "SC Untergrombach 46"]
[WhiteTeamCountry "IND"]

1. Nf3 d5 2. g3 g6 3. Bg2 Bg7 4. d3 e5 5. O-O Nc6 6. Nbd2 Nge7 7. e4 O-O 8. exd5 Nxd5 9. Re1 h6 10. Nc4 Re8 11. h3 Nb6 12. Ne3 f5 13. Nd2 Be6 14. Nb3 Qd6 15. Nf1 a5 16. Be3 a4 17. Bc5 Qd7 18. Nbd2 Nd5 19. Ne3 b6 20. Ba3 Nxe3 21. fxe3 Rad8 22. Nf1 Ne7 23. Kh2 c5 24. Qf3 Bd5 25. e4 Bb7 26. Rad1 Rf8 27. Qe2 f4 28. b3 Nc6 29. Bb2 a3 30. Bc3 b5 31. Nd2 b4 32. Ba1 fxg3+ 33. Kxg3 Rf4 34. Kh2 h5 35. Rg1 Bc8 36. Rdf1 Bh6 37. Rxf4 Bxf4+ 38. Kh1 Qe7 39. Bf1 Kh7 40. Nf3 Rg8 41. Ne1 Qh4 42. Nf3 Qf6 43. Ne1 Kh6 44. Qf2 Qd6 45. Ng2 Bg5 46. h4 Be7 47. Ne3 Qd8 48. Ng2 Rf8 49. Qg3 Bg4 50. Ne3 Rf4 51. Bxe5 Bf3+ 52. Kh2 Rxh4+ 53. Bh3 Nxe5 54. Nf5+ Kh7 55. Qxe5 Rxh3+ 56. Kxh3 Bg4+ 57. Kg2 gxf5 58. exf5 Qd6 59. Qe4 Bf6 60. Re1 Qd4 61. Qe6 Kh6 62. Re4 Qd8 63. Kg3 Kg5 64. Kg2 Bxf5 0-1

[Event "Sparkassen-Open A"]
[Site "Heusenstamm, Martinsee"]
[Date "2025.11.21"]
[Round "3.36"]
[White "Calvi, Stefan"]
[Black "Helmer, Jan"]
[Result "0-1"]
[WhiteElo "2008"]
[BlackElo "2239"]
[PlyCount "78"]
[EventDate "2025.11.20"]
[WhiteTeam "SV Oberursel"]
[BlackTeam "HSK Lister Turm"]

1. e4 c5 2. d4 cxd4 3. Qxd4 Nc6 4. Qd3 Nf6 5. Nc3 g6 6. Nf3 Bg7 7. Be2 O-O 8. Nd5 d6 9. c3 Nd7 10. O-O Nc5 11. Qc2 e6 12. Ne3 f5 13. exf5 gxf5 14. Rd1 Qe7 15. Nc4 Ne4 16. Bf4 e5 17. Be3 Be6 18. Ne1 d5 19. f3 Nf6 20. Nd2 f4 21. Bf2 Bf7 22. b4 Rfc8 23. Qb2 e4 24. Bc5 Qe6 25. Nb3 b6 26. Bd4 Nxd4 27. Nxd4 Qe5 28. a4 exf3 29. Bxf3 Qe3+ 30. Kf1 Bg6 31. Rac1 Ne4 32. Bxe4 dxe4 33. Qd2 Bf7 34. Qxe3 fxe3 35. Nf5 e2+ 36. Kxe2 Bh5+ 37. Ke3 Bxd1 38. Ne7+ Kf8 39. Nxc8 Bh6+ 0-1

[Event "Sparkassen-Open A"]
[Site "Heusenstamm, Martinsee"]
[Date "2025.11.21"]
[Round "3.37"]
[White "Ollenberger, Roland"]
[Black "Junker, Christian"]
[Result "1-0"]
[WhiteElo "2216"]
[BlackElo "2008"]
[PlyCount "53"]
[EventDate "2025.11.20"]
[WhiteTeam "SV Worms 1878"]
[BlackTeam "SV 1926 Neu-Isenburg"]

1. e4 e5 2. d4 Nf6 3. Nc3 exd4 4. Qxd4 d6 5. Bg5 Be7 6. O-O-O O-O 7. Bc4 c6 8. Bxf6 Bxf6 9. Qxd6 Qa5 10. Nge2 b5 11. e5 Bd8 12. Nxb5 cxb5 13. Bd5 Bc7 14. Qa3 Qb6 15. Bxa8 Qxf2 16. Qf3 Qc5 17. Bd5 Bxe5 18. Rhf1 Bf6 19. Ng3 Nd7 20. Ne4 Qb6 21. Bb3 Bd4 22. c3 Qh6+ 23. Kb1 Bc5 24. Qxf7+ Rxf7 25. Rxf7 Qxh2 26. Rdxd7 h6 27. Rxg7+ 1-0

[Event "Sparkassen-Open A"]
[Site "Heusenstamm, Martinsee"]
[Date "2025.11.21"]
[Round "3.38"]
[White "Poysti, Nathanael"]
[Black "Höller, Armin"]
[Result "1-0"]
[WhiteElo "2207"]
[BlackElo "1973"]
[PlyCount "63"]
[EventDate "2025.11.20"]
[WhiteTeam "Buenos Aires"]
[BlackTeam "SK Weilheim e.V."]

1. c4 e5 2. Nc3 Nc6 3. g3 f5 4. Bg2 Nf6 5. b3 Be7 6. Bb2 O-O 7. e3 d6 8. Nge2 Kh8 9. O-O Bd7 10. d3 Qe8 11. Qd2 Nd8 12. f4 c6 13. Rae1 Nf7 14. e4 fxe4 15. dxe4 Bd8 16. h3 Bb6+ 17. Kh2 Qe7 18. Bf3 Rad8 19. f5 d5 20. exd5 Bxf5 21. Bg2 Bc8 22. Nf4 Qd6 23. Nd3 Bd4 24. b4 cxd5 25. Nb5 Qd7 26. Nxd4 exd4 27. Nc5 Qd6 28. Qxd4 Nh5 29. Qh4 Qg6 30. cxd5 Ng5 31. Ne4 Nxe4 32. Bxe4 1-0

[Event "Sparkassen-Open A"]
[Site "Heusenstamm, Martinsee"]
[Date "2025.11.21"]
[Round "3.39"]
[White "Perske, Paul"]
[Black "Heppert, Lars"]
[Result "1/2-1/2"]
[WhiteElo "2184"]
[BlackElo "2001"]
[PlyCount "46"]
[EventDate "2025.11.20"]
[WhiteTeam "Sfr.Heidesheim"]
[BlackTeam "SK Neuburg"]

1. d4 d5 2. c4 e6 3. Nf3 Nf6 4. Nc3 Be7 5. Bf4 O-O 6. e3 c5 7. dxc5 Bxc5 8. Qc2 Nc6 9. a3 Re8 10. Rd1 e5 11. Bg5 d4 12. Nd5 Be7 13. Bxf6 Bxf6 14. Bd3 g6 15. Nxf6+ Qxf6 16. O-O Bg4 17. Be4 Qe7 18. Bxc6 bxc6 19. Qe4 Bxf3 20. Qxf3 e4 21. Qf4 d3 22. f3 f5 23. fxe4 fxe4 1/2-1/2

[Event "Sparkassen-Open A"]
[Site "Heusenstamm, Martinsee"]
[Date "2025.11.21"]
[Round "3.40"]
[White "Müller, Elias"]
[Black "Dolidze, David"]
[Result "0-1"]
[WhiteElo "2109"]
[BlackElo "1997"]
[PlyCount "58"]
[EventDate "2025.11.20"]
[WhiteTeam "SK Kaiserslautern 1905"]
[BlackTeam "SC Eschborn 1974"]

1. e4 c6 2. d4 d5 3. e5 Bf5 4. Nf3 e6 5. Be2 c5 6. c3 Nc6 7. O-O cxd4 8. Nxd4 Nxd4 9. cxd4 Ne7 10. Nc3 Nc6 11. g4 Bg6 12. f4 Qd7 13. Be3 Bb4 14. f5 exf5 15. gxf5 Bxf5 16. Nxd5 Bh3 17. Nxb4 Nxb4 18. Qb3 Qd5 19. Bb5+ Qxb5 20. Qxf7+ Kd8 21. Rac1 Nc6 22. Qxg7 Qd3 23. Qxh8+ Kc7 24. Qg7+ Kb6 25. Rf3 Nxd4 26. Rf6+ Ka5 27. Qc7+ b6 28. b4+ Ka4 29. Bxd4 Rg8+ 0-1

[Event "Sparkassen-Open A"]
[Site "Heusenstamm, Martinsee"]
[Date "2025.11.21"]
[Round "3.41"]
[White "Seidel, Andre"]
[Black "Goldinov, Daniel"]
[Result "0-1"]
[WhiteElo "2142"]
[BlackElo "1931"]
[PlyCount "154"]
[EventDate "2025.11.20"]
[WhiteTeam "SV Oberursel"]
[BlackTeam "Stuttgarter SF 1879"]

1. d4 Nf6 2. Nf3 g6 3. Nbd2 d5 4. e3 Bg7 5. b4 O-O 6. c4 c6 7. a4 Nbd7 8. Be2 a5 9. b5 c5 10. Bb2 b6 11. O-O Bb7 12. Nb3 cxd4 13. Bxd4 Rc8 14. Rc1 dxc4 15. Bxc4 e6 16. Ne5 Nxe5 17. Bxe5 Nd5 18. Bxg7 Kxg7 19. Qd4+ Kg8 20. Bxd5 Qxd5 21. Qxd5 Bxd5 22. Nd4 e5 23. Nf3 f6 24. Nd2 Rfd8 25. f3 Kf7 26. Kf2 Ke7 27. e4 Be6 28. Ke3 Kd6 29. Rfd1 Rxc1 30. Rxc1 Rc8 31. Rxc8 Bxc8 32. Kd3 Kc5 33. Kc3 Be6 34. Nf1 f5 35. exf5 gxf5 36. g3 Bd5 37. f4 e4 38. Ne3 Be6 39. Nc2 Bc8 40. Ne3 Be6 41. Nc2 Bf7 42. Ne3 Bh5 43. Nxf5 Bd1 44. Nd4 Bxa4 45. f5 Bd1 46. f6 Kd6 47. Nf5+ Ke6 48. Ne3 Bh5 49. Nc4 Be8 50. Nxb6 Bxb5 51. Kd4 Bd3 52. Nd5 a4 53. g4 a3 54. Kc3 a2 55. Kb2 Bc4 56. Ne3 Bb5 57. g5 Be8 58. Kxa2 Ke5 59. Kb2 Kf4 60. Nd5+ Kf3 61. Kc2 e3 62. Kd1 Kf2 63. Nf4 Bh5+ 64. Kc2 e2 65. Nd3+ Kf1 66. Kd2 Bf7 67. h4 Bh5 68. Ne1 Bg6 69. Nf3 Kf2 70. Ne1 Bf7 71. Nd3+ Kf1 72. Ne1 Bh5 73. Nd3 Bg6 74. Ne1 Kf2 75. f7 Bxf7 76. Nd3+ Kf1 77. Ke3 Bc4 0-1

[Event "Sparkassen-Open A"]
[Site "Heusenstamm, Martinsee"]
[Date "2025.11.21"]
[Round "3.42"]
[White "Müller, Mark"]
[Black "Derr, Oleg"]
[Result "0-1"]
[WhiteElo "1995"]
[BlackElo "2140"]
[PlyCount "42"]
[EventDate "2025.11.20"]
[WhiteTeam "SC Königsflügel Lindenholzhausen"]
[BlackTeam "VSG 1880 Offenbach"]

1. e4 c5 2. Nf3 Nc6 3. d4 cxd4 4. Nxd4 e5 5. Nb5 d6 6. N1c3 a6 7. Na3 Be6 8. Be2 Nf6 9. Bg5 Be7 10. Bxf6 Bxf6 11. Nc4 Nd4 12. Ne3 Rc8 13. O-O O-O 14. Qd3 Bg5 15. Ncd1 b5 16. c3 Bc4 17. Qxc4 bxc4 18. cxd4 exd4 19. Nxc4 d5 20. exd5 d3 21. Bxd3 Qxd5 0-1

[Event "Sparkassen-Open A"]
[Site "Heusenstamm, Martinsee"]
[Date "2025.11.21"]
[Round "3.43"]
[White "Wolf, Ulrich Martin"]
[Black "Tremöhlen, Thomas"]
[Result "1-0"]
[WhiteElo "2137"]
[BlackElo "1986"]
[PlyCount "57"]
[EventDate "2025.11.20"]
[WhiteTeam "SK Bad Homburg 1927"]
[BlackTeam "SPORTGEM Kaarst 1912/35"]

1. d4 Nf6 2. Nf3 e6 3. c4 c5 4. d5 b5 5. dxe6 fxe6 6. cxb5 d5 7. e3 Bd6 8. Nc3 O-O 9. e4 d4 10. e5 Bxe5 11. Nxe5 Qc7 12. Nf3 dxc3 13. bxc3 Bb7 14. Be2 Ne4 15. Qb3 Nd7 16. O-O Rf6 17. a4 Raf8 18. c4 Rf5 19. Ra3 Ndf6 20. h3 Nh5 21. Qd1 Nf4 22. Bxf4 Rxf4 23. Rd3 h6 24. Rd7 Qc8 25. Ne5 Nc3 26. Qd6 Nxe2+ 27. Kh2 Re8 28. Rc7 Qb8 29. Qd7 1-0

[Event "Sparkassen-Open A"]
[Site "Heusenstamm, Martinsee"]
[Date "2025.11.21"]
[Round "3.44"]
[White "Werner, Florin"]
[Black "Rose, Daniel"]
[Result "1/2-1/2"]
[WhiteElo "1912"]
[BlackElo "2128"]
[PlyCount "91"]
[EventDate "2025.11.20"]
[WhiteTeam "VSG 1880 Offenbach"]
[BlackTeam "SV Königsjäger Süd-West e.V."]

1. e4 e6 2. d4 d5 3. Nd2 dxe4 4. Nxe4 Nf6 5. Nxf6+ gxf6 6. Nf3 b6 7. c3 Bb7 8. Be3 Bd6 9. g3 Nd7 10. Bg2 Qe7 11. Qc2 f5 12. O-O-O f4 13. Bd2 O-O-O 14. Nh4 c6 15. Rhe1 Qg5 16. Kb1 Nf6 17. h3 Rhg8 18. Bf3 Qg7 19. Rg1 fxg3 20. fxg3 Qf8 21. g4 Qe7 22. Ng2 Kb8 23. Rgf1 Rdf8 24. Bh6 Rc8 25. Qd2 Ba6 26. Be2 Ne4 27. Qe3 Bxe2 28. Qxe2 Ng3 29. Qf3 Nxf1 30. Rxf1 f5 31. Ne3 fxg4 32. Nxg4 Kb7 33. Qe4 Rg6 34. b4 b5 35. Qe1 a5 36. a3 Ka6 37. Rf3 Re8 38. Qf2 Qc7 39. Qf1 e5 40. a4 exd4 41. c4 Bxb4 42. cxb5+ cxb5 43. Qxb5+ Ka7 44. Qxe8 Be7 45. Rb3 Rb6 46. Rxb6 1/2-1/2

[Event "Sparkassen-Open A"]
[Site "Heusenstamm, Martinsee"]
[Date "2025.11.21"]
[Round "3.45"]
[White "Pauls, Wilhelm"]
[Black "Stephanblome, Felix"]
[Result "0-1"]
[WhiteElo "1984"]
[BlackElo "2102"]
[PlyCount "58"]
[EventDate "2025.11.20"]
[WhiteTeam "SPORTGEM Kaarst 1912/35"]
[BlackTeam "SV 1934 Ffm-Griesheim (V)"]

1. e4 e5 2. Nf3 Nc6 3. Bb5 a6 4. Ba4 Nf6 5. O-O Nxe4 6. d4 b5 7. Bb3 d5 8. dxe5 Be6 9. Qe2 Be7 10. Rd1 Na5 11. c3 Nxb3 12. axb3 O-O 13. Nd4 Qd7 14. f3 Nc5 15. Nd2 Nb7 16. b4 c5 17. bxc5 Nxc5 18. Nf1 f6 19. exf6 Bxf6 20. Nxe6 Nxe6 21. Be3 Qb7 22. Qc2 Rfd8 23. Qb3 Qc6 24. Ng3 Nc5 25. Qb4 Na4 26. Nf5 Re8 27. Kf2 Qe6 28. Qf4 Nxb2 29. Re1 Nd3+ 0-1

[Event "Sparkassen-Open A"]
[Site "Heusenstamm, Martinsee"]
[Date "2025.11.21"]
[Round "3.46"]
[White "Thomas, Ingo"]
[Black "Inkaya, Mustafa"]
[Result "1/2-1/2"]
[WhiteElo "2100"]
[BlackElo "1975"]
[PlyCount "86"]
[EventDate "2025.11.20"]
[WhiteTeam "Krefelder SK Turm 1851 e"]
[BlackTeam "SC Kreuzberg e.V."]

1. c4 Nf6 2. g3 e6 3. Bg2 d5 4. Nf3 d4 5. O-O c5 6. e3 Nc6 7. exd4 cxd4 8. d3 h6 9. Bf4 Bd6 10. Bxd6 Qxd6 11. Re1 O-O 12. Na3 a6 13. Rc1 Nd7 14. Nd2 Nc5 15. Ne4 Nxe4 16. Bxe4 Qc5 17. Nc2 e5 18. Bd5 Kh8 19. b4 Qd6 20. a4 Ne7 21. Bg2 Ng6 22. Qd2 Rb8 23. c5 Qc7 24. Na3 Be6 25. Nc4 Bd7 26. Qa2 Bc6 27. Nb6 Rbd8 28. Nc4 Bxg2 29. Kxg2 Qc6+ 30. f3 Qe6 31. Rc2 Kh7 32. Nd6 Qd7 33. Qc4 f6 34. b5 Ne7 35. Rb1 axb5 36. Rxb5 Rb8 37. Rcb2 Qc6 38. Rb6 Nd5 39. Rxc6 Ne3+ 40. Kf2 Nd1+ 41. Ke1 Nxb2 42. Rb6 Nxc4 43. dxc4 Rfc8 1/2-1/2

[Event "Sparkassen-Open A"]
[Site "Heusenstamm, Martinsee"]
[Date "2025.11.21"]
[Round "3.47"]
[White "Pfarr, Michael"]
[Black "Tran, Duc Cuong"]
[Result "1/2-1/2"]
[WhiteElo "1969"]
[BlackElo "2109"]
[PlyCount "80"]
[EventDate "2025.11.20"]
[WhiteTeam "SK 1928 Mömbris"]
[BlackTeam "LSV Turm Lippstadt"]

1. e4 c5 2. Nf3 Nc6 3. d4 cxd4 4. Nxd4 g6 5. c4 Bg7 6. Be3 Nf6 7. Nc3 d6 8. Be2 O-O 9. O-O Bd7 10. Nc2 a5 11. f4 a4 12. Rc1 Qa5 13. Bf3 Be6 14. Qe2 Rfc8 15. Rfd1 Nd7 16. Na3 Qb4 17. Rc2 Na5 18. Nd5 Bxd5 19. Rxd5 Bxb2 20. Rxb2 Qxa3 21. Rd3 Nb3 22. axb3 Nc5 23. Bxc5 Qxc5+ 24. Qe3 Qb4 25. Qd2 Qc5+ 26. Qf2 Qb4 27. h3 axb3 28. Rdxb3 Qxc4 29. Rxb7 Qc1+ 30. Kh2 Qxf4+ 31. Qg3 Qxg3+ 32. Kxg3 Kf8 33. h4 Ra5 34. R2b5 Rc5 35. Rb8+ Kg7 36. R5b7 Re5 37. Re8 Kf6 38. Kf4 h5 39. Rd7 Ra4 40. Kg3 Ra3 1/2-1/2

[Event "Sparkassen-Open A"]
[Site "Heusenstamm, Martinsee"]
[Date "2025.11.21"]
[Round "3.49"]
[White "Bäumer, Frank"]
[Black "Serbu, Daniel Elias"]
[Result "1/2-1/2"]
[WhiteElo "1974"]
[BlackElo "2109"]
[PlyCount "34"]
[EventDate "2025.11.20"]
[WhiteTeam "SV 1932 Caissa Homburg"]
[BlackTeam "SAbt TuS Makkabi Ffm"]

1. e4 c5 2. Nf3 Nc6 3. c4 g6 4. d4 cxd4 5. Nxd4 Bg7 6. Be3 Nf6 7. Nc3 d6 8. h3 O-O 9. Be2 Bd7 10. O-O Rc8 11. Qc2 a6 12. Rad1 Qc7 13. Nxc6 Bxc6 14. Qb1 Qb8 15. Nd5 Bxd5 16. cxd5 b5 17. Rc1 Rxc1 1/2-1/2

[Event "Sparkassen-Open A"]
[Site "Heusenstamm, Martinsee"]
[Date "2025.11.21"]
[Round "3.50"]
[White "Vedant Kumar Saravana"]
[Black "Bogucanin, Mirsad"]
[Result "1-0"]
[WhiteElo "2108"]
[BlackElo "1966"]
[PlyCount "57"]
[EventDate "2025.11.20"]
[WhiteTeam "Skakforeningen Obro"]
[BlackTeam "VSG 1880 Offenbach"]

1. e4 c6 2. d4 d5 3. Nc3 dxe4 4. Nxe4 Bf5 5. Ng3 Bg6 6. Nh3 h6 7. Nf4 Bh7 8. Bc4 Nf6 9. O-O Nbd7 10. c3 Nb6 11. Bb3 Nbd5 12. Nd3 e6 13. Re1 Be7 14. c4 Nc7 15. Be3 O-O 16. Ne5 Nd7 17. Qg4 Nf6 18. Qh3 Re8 19. Nh5 Bf8 20. Nf4 Qd6 21. Rad1 Rad8 22. Nfd3 Nd7 23. Nxf7 Kxf7 24. Bf4 Qe7 25. Bxc7 Nf6 26. Bxd8 Qxd8 27. Ne5+ Kg8 28. c5 Bf5 29. Qxf5 1-0

[Event "Sparkassen-Open A"]
[Site "Heusenstamm, Martinsee"]
[Date "2025.11.21"]
[Round "3.51"]
[White "Blaschke, Henri Johannes"]
[Black "Hötte, Philipp"]
[Result "0-1"]
[WhiteElo "1970"]
[BlackElo "2087"]
[PlyCount "46"]
[EventDate "2025.11.20"]
[WhiteTeam "SK Vellmar 1950"]
[BlackTeam "LSV Turm Lippstadt"]

1. c4 Nf6 2. g3 g6 3. Bg2 Bg7 4. Nc3 O-O 5. e4 e5 6. Nge2 Nc6 7. O-O d6 8. d3 Nd7 9. Be3 Nc5 10. h3 f5 11. Qd2 f4 12. gxf4 exf4 13. Nxf4 Qh4 14. Nce2 g5 15. Nd5 Bxh3 16. Ng3 h6 17. b4 Ne6 18. Rab1 Rf7 19. Rb3 Ncd4 20. Bxd4 Bxd4 21. Ne2 Bxf2+ 22. Rxf2 Qxf2+ 23. Kh2 Qxg2# 0-1

[Event "Sparkassen-Open A"]
[Site "Heusenstamm, Martinsee"]
[Date "2025.11.21"]
[Round "3.52"]
[White "Musiienko, Platon"]
[Black "Shanawaz Thabrez, Shahzaib"]
[Result "1-0"]
[WhiteElo "2107"]
[BlackElo "1945"]
[PlyCount "107"]
[EventDate "2025.11.20"]
[WhiteTeam "Wiesbadener SV 1885"]
[BlackTeam "SK Langen"]

1. e4 e5 2. Nf3 Nc6 3. Bc4 Nf6 4. d3 Bc5 5. O-O d6 6. c3 h6 7. Nbd2 O-O 8. h3 a6 9. Bb3 Be6 10. Re1 Re8 11. Nf1 d5 12. Qe2 Qe7 13. Ng3 dxe4 14. dxe4 Bxb3 15. axb3 Qe6 16. b4 Bb6 17. Nh4 Ne7 18. Nhf5 Kh7 19. Ra3 c5 20. b5 axb5 21. Rxa8 Rxa8 22. Nxe7 Qxe7 23. Qxb5 Qc7 24. Be3 Ra6 25. Qc4 g6 26. Rd1 Kg7 27. f3 Qc6 28. b3 Ra8 29. Nf1 Rc8 30. Bf2 Bd8 31. Qe2 Ba5 32. Qc2 Bb6 33. Ne3 Ra8 34. Nd5 Bd8 35. c4 b6 36. Bg3 Bc7 37. Qb2 Re8 38. Qd2 Rd8 39. Bh4 Nxd5 40. exd5 Qd6 41. Bxd8 Bxd8 42. Qe2 Bc7 43. g3 Bd8 44. Kg2 Be7 45. Ra1 Qb8 46. Ra6 Bd6 47. Qb2 Kh7 48. Qa1 Qd8 49. Ra7 Qf6 50. Qb2 Qf5 51. Qe2 Kg7 52. Rb7 e4 53. fxe4 Qg5 54. Qf2 1-0

[Event "Sparkassen-Open A"]
[Site "Heusenstamm, Martinsee"]
[Date "2025.11.21"]
[Round "3.53"]
[White "Trenz, Finn"]
[Black "Burkhardt, Holger"]
[Result "0-1"]
[WhiteElo "1952"]
[BlackElo "2102"]
[PlyCount "66"]
[EventDate "2025.11.20"]
[WhiteTeam "SV Multatuli Ingelheim e.V."]
[BlackTeam "SK Anderten"]

1. e4 e5 2. Nc3 Nc6 3. Bc4 Bc5 4. Qg4 Kf8 5. Qf3 Nf6 6. Nce2 Nd4 7. Nxd4 exd4 8. Ne2 Qe7 9. d3 d5 10. Bxd5 Bg4 11. Qg3 Bxe2 12. Bxb7 Rb8 13. Bc6 Bh5 14. O-O Qd6 15. e5 Qxc6 16. exf6 Qxf6 17. Qxc7 Qd6 18. Qa5 Qb6 19. Qa4 Qb5 20. Qxb5 Rxb5 21. b4 Be7 22. Bd2 f6 23. a4 Rb7 24. b5 Kf7 25. Rfb1 Rc8 26. Ra2 Bg4 27. a5 Be6 28. a6 Rd7 29. Rab2 Bd8 30. Kf1 Bb6 31. Ke2 Rd5 32. f3 Bd7 33. Kd1 Rcc5 0-1

[Event "Sparkassen-Open A"]
[Site "Heusenstamm, Martinsee"]
[Date "2025.11.21"]
[Round "3.54"]
[White "Wenzel, Calvin"]
[Black "Hessler Carbonell, Louis"]
[Result "1-0"]
[WhiteElo "2065"]
[BlackElo "1936"]
[PlyCount "69"]
[EventDate "2025.11.20"]
[WhiteTeam "SK 1980 Gernsheim"]
[BlackTeam "SK Marburg 1931/72"]

1. e4 g6 2. d4 Nf6 3. e5 Nh5 4. Nc3 d6 5. exd6 cxd6 6. Be3 Bg7 7. Qd2 Nc6 8. d5 Ne5 9. h3 a6 10. a4 Qc7 11. a5 Nc4 12. Bxc4 Qxc4 13. Ra4 Qc7 14. Nge2 Bd7 15. Bb6 Qc8 16. Rb4 O-O 17. O-O Nf6 18. b3 Qb8 19. Ne4 Nxe4 20. Rxe4 e6 21. dxe6 fxe6 22. c4 Re8 23. Rd1 Bc6 24. Rg4 d5 25. cxd5 Bxd5 26. Qd3 Qc8 27. h4 Qc6 28. h5 Rac8 29. hxg6 Qc2 30. gxh7+ Kh8 31. Nf4 Qxd3 32. Rxd3 Rc1+ 33. Kh2 Be5 34. Rdg3 Rcc8 35. Ng6+ 1-0

[Event "Sparkassen-Open A"]
[Site "Heusenstamm, Martinsee"]
[Date "2025.11.21"]
[Round "3.55"]
[White "Meuer, David"]
[Black "Zargaran, Sepas"]
[Result "1-0"]
[WhiteElo "2081"]
[BlackElo "1880"]
[PlyCount "69"]
[EventDate "2025.11.20"]
[WhiteTeam "TSV Schott Mainz"]
[BlackTeam "VSG 1880 Offenbach"]

1. e4 c5 2. c3 d5 3. exd5 Qxd5 4. d4 g6 5. Be3 cxd4 6. cxd4 Bg7 7. Nc3 Qa5 8. Nf3 Bg4 9. h3 Bxf3 10. Qxf3 Nd7 11. Bb5 Ngf6 12. O-O O-O 13. Bxd7 Nxd7 14. Qxb7 Rad8 15. Nd5 e6 16. Ne7+ Kh8 17. Nc6 Qh5 18. Nxd8 Rxd8 19. Rac1 Nf8 20. Qxf7 Rd7 21. Qf4 Kg8 22. Rc5 Qe2 23. Qb8 Rf7 24. Qb5 Qxb5 25. Rxb5 Rd7 26. Rd1 Kf7 27. d5 exd5 28. Rbxd5 Rb7 29. b3 Bf6 30. Ra5 Ke6 31. Rxa7 Rb5 32. Ra6+ Kf7 33. Bh6 Ne6 34. Rd7+ Ke8 35. Rdd6 1-0

[Event "Sparkassen-Open A"]
[Site "Heusenstamm, Martinsee"]
[Date "2025.11.21"]
[Round "3.56"]
[White "Wachsmann, Elmar"]
[Black "Schulze, Manfred"]
[Result "1-0"]
[WhiteElo "2062"]
[BlackElo "1844"]
[PlyCount "65"]
[EventDate "2025.11.20"]
[WhiteTeam "SC Groß-Umstadt"]
[BlackTeam "SC Steinbach"]

1. d4 f5 2. Bf4 d6 3. Nf3 g6 4. c4 Bg7 5. Nc3 Nf6 6. e3 O-O 7. c5 b6 8. cxd6 cxd6 9. Bc4+ Kh8 10. Ng5 d5 11. Be2 h6 12. Nf3 Bb7 13. O-O Nbd7 14. Nb5 Nh5 15. Bc7 Qe8 16. Nh4 Nhf6 17. Bg3 Qf7 18. Rc1 Ne4 19. Rc7 Bc8 20. Nxa7 Nxg3 21. hxg3 Nf6 22. Rxe7 Rxa7 23. Rxf7 Rfxf7 24. Nxg6+ Kg8 25. Qb3 Rfb7 26. Rc1 Bd7 27. Bf3 Ra5 28. a3 Bf8 29. Nxf8 Kxf8 30. Qb4+ Kf7 31. Qd6 Rb5 32. b4 Ra7 33. Rc7 1-0

[Event "Sparkassen-Open A"]
[Site "Heusenstamm, Martinsee"]
[Date "2025.11.21"]
[Round "3.57"]
[White "Kürschner, Matthias"]
[Black "Lutterbach, Jakob"]
[Result "1/2-1/2"]
[WhiteElo "1939"]
[BlackElo "2055"]
[PlyCount "88"]
[EventDate "2025.11.20"]
[WhiteTeam "SK Langen"]
[BlackTeam "SK Bingen"]

1. e4 c6 2. d4 d5 3. Nd2 dxe4 4. Nxe4 Bf5 5. Ng3 Bg6 6. Nf3 e6 7. Bd3 Nf6 8. Bg5 Be7 9. c3 Bxd3 10. Qxd3 O-O 11. O-O c5 12. Qb5 Qb6 13. a4 Nc6 14. dxc5 Qxc5 15. Bxf6 gxf6 16. Qxc5 Bxc5 17. Rfd1 Rfd8 18. Ne4 Be7 19. g4 Kg7 20. Kf1 Kg6 21. Ke2 Rac8 22. h3 a6 23. Rxd8 Rxd8 24. Rd1 Rxd1 25. Kxd1 f5 26. gxf5+ Kxf5 27. Ng3+ Kf4 28. Ke2 e5 29. Nh5+ Kf5 30. Ng3+ Ke6 31. Nd2 f5 32. f3 Bd8 33. Ngf1 Ne7 34. Ne3 Ng6 35. Ng2 Kf6 36. Nc4 Bc7 37. Nce3 Kg5 38. Nd5 Bd6 39. b4 Nh4 40. Ne1 Ng6 41. Ng2 Ne7 42. Nxe7 Bxe7 43. Kd2 Kf6 44. a5 Ke6 1/2-1/2

[Event "Sparkassen-Open A"]
[Site "Heusenstamm, Martinsee"]
[Date "2025.11.21"]
[Round "3.58"]
[White "Spiegelberg, Silvia"]
[Black "Sreeramulu, Aarush"]
[Result "1-0"]
[WhiteElo "1929"]
[BlackElo "2064"]
[PlyCount "89"]
[EventDate "2025.11.20"]
[WhiteTeam "SF Sasbach e.V."]
[BlackTeam "SK Marburg 1931/72"]

1. e4 c6 2. c4 d5 3. exd5 cxd5 4. cxd5 Nf6 5. Nc3 Nxd5 6. Nf3 Nc6 7. Bb5 e6 8. O-O Be7 9. d4 O-O 10. Re1 Bf6 11. Ne4 Be7 12. Bxc6 bxc6 13. Bd2 Rb8 14. b3 Bd7 15. Ne5 Rc8 16. Nd3 Be8 17. Qf3 Nc7 18. Ba5 Qxd4 19. Qg3 Nd5 20. Rad1 g6 21. Ne5 Bh4 22. Rxd4 Bxg3 23. hxg3 f6 24. Nf3 e5 25. Rdd1 Rb8 26. Rc1 Bd7 27. Nc3 Nxc3 28. Bxc3 Be6 29. Red1 Bd5 30. Ne1 Rb5 31. Nc2 a5 32. Ne3 Ra8 33. Rd2 Kf7 34. Rcd1 Ke6 35. f4 e4 36. Kf2 Re8 37. Nc2 Kf7 38. Ke3 Bxb3 39. axb3 Rxb3 40. Rd7+ Kf8 41. Kd2 f5 42. Ra1 Ra8 43. Bxa5 Rxg3 44. Bb4+ Ke8 45. Re7+ 1-0

[Event "Sparkassen-Open A"]
[Site "Heusenstamm, Martinsee"]
[Date "2025.11.21"]
[Round "3.59"]
[White "Gundel, Julian"]
[Black "Woestmann, Ulrich"]
[Result "0-1"]
[WhiteElo "1894"]
[BlackElo "2042"]
[PlyCount "52"]
[EventDate "2025.11.20"]
[WhiteTeam "SV Königsspringer 1929 Großauhei"]
[BlackTeam "SV Ahlen 1954 e. V."]

1. Nf3 Nf6 2. b3 d5 3. Bb2 e6 4. e3 a6 5. d4 c5 6. dxc5 Bxc5 7. Bd3 Nc6 8. O-O Bd6 9. c4 dxc4 10. Bxc4 b5 11. Be2 Bb7 12. Nfd2 Qc7 13. g3 h5 14. Nc3 Rd8 15. Rc1 h4 16. Nce4 Nxe4 17. Nxe4 hxg3 18. fxg3 Bxg3 19. hxg3 Rxd1 20. Rcxd1 Nd4 21. Bxd4 Bxe4 22. Rf4 Qc2 23. Re1 Rh1+ 24. Kf2 Rh2+ 25. Kf1 Rxe2 26. Rxe2 Bd3 0-1

[Event "Sparkassen-Open A"]
[Site "Heusenstamm, Martinsee"]
[Date "2025.11.21"]
[Round "3.60"]
[White "Graschdankin, Roman"]
[Black "Schlößner, Henrik"]
[Result "1/2-1/2"]
[WhiteElo "1801"]
[BlackElo "2040"]
[PlyCount "43"]
[EventDate "2025.11.20"]
[WhiteTeam "SK Bad Homburg 1927"]
[BlackTeam "SK Gründau"]

1. e4 c6 2. d4 d5 3. Nc3 dxe4 4. Nxe4 Nd7 5. Bd3 Ngf6 6. Nxf6+ Nxf6 7. c3 Bg4 8. Qb3 Qc7 9. h3 Bh5 10. Ne2 e6 11. Bf4 Qb6 12. O-O Be7 13. Rfe1 O-O 14. Bg3 c5 15. Qxb6 axb6 16. Be5 Nd7 17. Nf4 Nxe5 18. dxe5 Bg6 19. Nxg6 hxg6 20. Be4 Rfd8 21. Bxb7 Ra7 22. Bf3 1/2-1/2

[Event "Sparkassen-Open A"]
[Site "Heusenstamm, Martinsee"]
[Date "2025.11.21"]
[Round "3.61"]
[White "Heindrich, Mark"]
[Black "Reinhard, Ralf-Peter"]
[Result "1/2-1/2"]
[WhiteElo "2038"]
[BlackElo "1830"]
[PlyCount "67"]
[EventDate "2025.11.20"]
[WhiteTeam "SAbt TuS Dotzheim"]
[BlackTeam "SC Chessence 64 e. V."]

1. e4 e6 2. Nf3 c5 3. c3 d5 4. e5 Bd7 5. a4 Nc6 6. d3 Qc7 7. Bf4 f6 8. Qe2 f5 9. h4 Nf6 10. exf6 Qxf4 11. f7+ Kxf7 12. Ng5+ Kf6 13. Nd2 Qe5 14. g3 Qxe2+ 15. Bxe2 e5 16. f3 h6 17. Nh3 g6 18. Kf2 g5 19. h5 Bd6 20. Kg2 Rhe8 21. Rhf1 Kg7 22. Nf2 Be6 23. Rfe1 Rad8 24. g4 e4 25. fxe4 fxe4 26. dxe4 Bf4 27. Nb3 Bd6 28. Nd2 Bf4 29. Rad1 dxe4 30. Ndxe4 Bd5 31. Bf3 Ne5 32. b4 cxb4 33. cxb4 Nc4 34. Rd3 1/2-1/2